[Event "FIDE World Cup"]
[Site "Tbilisi"]
[Date "2017.09.05"]
[Round "1.4"]
[White "Smirnov, Anton"]
[Black "Karjakin, Sergey"]
[Result "0-1"]
[WhiteElo "2508"]
[BlackElo "2773"]
[PlyCount "124"]
[EventDate "2017.09.03"]
[EventType "k.o."]
[EventRounds "7"]
[EventCountry "GEO"]
[SourceTitle "CBM 181"]
[Source "ChessBase"]
[SourceDate "2017.11.10"]
[SourceVersion "1"]
[SourceVersionDate "2017.11.10"]
[SourceQuality "1"]

1. d4 Nf6 2. c4 e6 3. Nf3 d5 4. Nc3 c5 5. cxd5 cxd4 6. Qxd4 exd5 7. e4 Nc6 8.
Bb5 dxe4 9. Qxd8+ Kxd8 10. Ng5 Be6 11. O-O Bb4 12. Ncxe4 Nxe4 13. Nxe4 Ke7 14.
Be3 Rhd8 15. a3 Nd4 16. axb4 Nxb5 17. Bc5+ Kd7 18. Rfd1+ Ke8 19. Re1 b6 20. Be3
h6 21. Nc3 Nd6 22. Bf4 Kf8 23. Bxd6+ Rxd6 24. h3 Rd7 25. b5 Rc8 26. Ra4 Rc4 27.
Rea1 Rxa4 28. Rxa4 Ke7 29. Kf1 Kd6 30. Re4 Rc7 31. Ke2 Rc4 32. Re3 Rb4 33. Rd3+
Kc5 34. Rd2 Rd4 35. Rc2 Kb4 36. Ke3 Rd7 37. Ne2 Kxb5 38. Nd4+ Kb4 39. Rc3 a5
40. Nc2+ Kb5 41. Nd4+ Ka6 42. f4 a4 43. g4 b5 44. Rc5 Bc4 45. g5 hxg5 46. Rxg5
f6 47. Rc5 Ka5 48. Rc8 Kb4 49. Rb8 Re7+ 50. Kf3 Kc5 51. Nc2 Bd5+ 52. Kf2 Re4
53. Rc8+ Bc6 54. f5 b4 55. Rc7 Rc4 56. Ne3 Rf4+ 57. Ke2 a3 58. bxa3 bxa3 59.
Rxg7 a2 60. Rg1 Bb5+ 61. Kd2 Rf2+ 62. Kc3 Bf1 0-1

[Event "FIDE World Cup"]
[Site "Tbilisi"]
[Date "2017.09.05"]
[Round "1.5"]
[White "Demchenko, Anton"]
[Black "Areshchenko, Alexander"]
[Result "1-0"]
[WhiteElo "2645"]
[BlackElo "2652"]
[PlyCount "53"]
[EventDate "2017.09.03"]
[EventType "k.o."]
[EventRounds "7"]
[EventCountry "GEO"]
[SourceTitle "CBM 181"]
[Source "ChessBase"]
[SourceDate "2017.11.10"]
[SourceVersion "1"]
[SourceVersionDate "2017.11.10"]
[SourceQuality "1"]

1. e4 c5 2. Nf3 d6 3. d4 cxd4 4. Nxd4 Nf6 5. Nc3 a6 6. f3 e5 7. Nb3 Be6 8. Be3
h5 9. Qd2 Nbd7 10. O-O-O Be7 11. Kb1 Rc8 12. a3 b5 13. Bg5 Qc7 14. h4 Nb6 15.
Bxf6 gxf6 16. Na5 Rg8 17. g4 hxg4 18. fxg4 Rxg4 19. h5 Rg8 20. h6 Rh8 21. h7
Rb8 22. Nd5 Nxd5 23. exd5 Bf5 24. Nc6 Rb6 25. Qg2 Bg6 26. Bd3 f5 27. Bxf5 1-0

[Event "FIDE World Cup"]
[Site "Tbilisi"]
[Date "2017.09.05"]
[Round "1.5"]
[White "Erdos, Viktor"]
[Black "Amin, Bassem"]
[Result "1-0"]
[WhiteElo "2628"]
[BlackElo "2680"]
[PlyCount "71"]
[EventDate "2017.09.03"]
[EventType "k.o."]
[EventRounds "7"]
[EventCountry "GEO"]
[SourceTitle "CBM 181"]
[Source "ChessBase"]
[SourceDate "2017.11.10"]
[SourceVersion "1"]
[SourceVersionDate "2017.11.10"]
[SourceQuality "1"]

1. Nf3 Nf6 2. c4 g6 3. g3 Bg7 4. Bg2 O-O 5. O-O d6 6. d4 Nc6 7. Nc3 a6 8. e3 e5
9. d5 Ne7 10. a4 a5 11. Ne1 b6 12. Nd3 Nd7 13. e4 f5 14. Re1 h6 15. Ra3 Ba6 16.
Nb5 Nf6 17. exf5 Nxf5 18. f4 e4 19. Nf2 Re8 20. Nxe4 Nxe4 21. Rxe4 Qd7 22. Re6
Kh7 23. g4 Nh4 24. f5 Nxg2 25. Kxg2 Rxe6 26. fxe6 Qe7 27. Rf3 Rf8 28. Rxf8 Bxf8
29. Qf3 Bg7 30. b3 Kg8 31. Be3 c6 32. dxc6 Bc8 33. Qf7+ Qxf7 34. exf7+ Kf8 35.
Nxd6 Bxg4 36. c7 1-0

[Event "FIDE World Cup"]
[Site "Tbilisi"]
[Date "2017.09.05"]
[Round "1.5"]
[White "Fressinet, Laurent"]
[Black "Lenic, Luka"]
[Result "0-1"]
[WhiteElo "2650"]
[BlackElo "2646"]
[PlyCount "116"]
[EventDate "2017.09.03"]
[EventType "k.o."]
[EventRounds "7"]
[EventCountry "GEO"]
[SourceTitle "CBM 181"]
[Source "ChessBase"]
[SourceDate "2017.11.10"]
[SourceVersion "1"]
[SourceVersionDate "2017.11.10"]
[SourceQuality "1"]

1. e4 c5 2. Nf3 Nc6 3. Nc3 e5 4. Bc4 Be7 5. d3 d6 6. Nd2 Nf6 7. Nf1 Nd7 8. Ne3
Nb6 9. Ned5 O-O 10. Nxb6 Qxb6 11. O-O Qd8 12. f4 exf4 13. Bxf4 Be6 14. Qd2 Bf6
15. Kh1 Bxc4 16. dxc4 Bxc3 17. Qxc3 Qe7 18. Qd3 Rad8 19. Rae1 Rfe8 20. b3 Qd7
21. Bg3 Re6 22. Rf2 Qe7 23. Rd2 h6 24. Rdd1 Kh8 25. c3 f6 26. Qd5 Ne5 27. Rd2
Nf7 28. Rde2 Re8 29. Bf4 Ne5 30. h3 b6 31. Bg3 Nf7 32. Bf4 Ng5 33. Bxg5 hxg5
34. Rd1 Rxe4 35. Rxe4 Qxe4 36. Qxd6 Qc2 37. Qd2 Re2 38. Qd8+ Kh7 39. Rg1 Qxc3
40. Qd7 Qe5 41. Qxa7 g4 42. Qd7 g3 43. Qd3+ f5 44. Qf3 g6 45. Qd3 Rxa2 46. Qd7+
Kh6 47. Qd8 Ra1 48. Qd2+ f4 49. Rc1 g5 50. Qd1 Rxc1 51. Qxc1 f3 52. gxf3 Qe2
53. Qg1 Qxf3+ 54. Qg2 Qd1+ 55. Qg1 Qxg1+ 56. Kxg1 Kh5 57. Kh1 Kh4 58. Kg2 g4
0-1

[Event "FIDE World Cup"]
[Site "Tbilisi"]
[Date "2017.09.05"]
[Round "1.5"]
[White "Jobava, Baadur"]
[Black "Salgado Lopez, Ivan"]
[Result "1-0"]
[WhiteElo "2687"]
[BlackElo "2627"]
[PlyCount "75"]
[EventDate "2017.09.03"]
[EventType "k.o."]
[EventRounds "7"]
[EventCountry "GEO"]
[SourceTitle "CBM 181"]
[Source "ChessBase"]
[SourceDate "2017.11.10"]
[SourceVersion "1"]
[SourceVersionDate "2017.11.10"]
[SourceQuality "1"]

1. e4 c5 2. Ne2 Nc6 3. Nbc3 Nf6 4. d4 cxd4 5. Nxd4 e5 6. Ndb5 d6 7. Nd5 Nxd5 8.
exd5 Nb8 9. a4 Be7 10. Be2 O-O 11. O-O Nd7 12. a5 a6 13. Nc3 f5 14. Ra3 e4 15.
Bf4 Ne5 16. Na4 Ng6 17. Bd2 Bg5 18. Nb6 Rb8 19. f4 exf3 20. Raxf3 Ne5 21. R3f2
Nd7 22. Nc4 Bxd2 23. Qxd2 Nf6 24. Bf3 Qc7 25. Qb4 Bd7 26. Re1 Ne4 27. Bxe4 fxe4
28. Rxf8+ Rxf8 29. b3 Rf6 30. Rxe4 Bb5 31. h3 Bxc4 32. Qxc4 Qxa5 33. Qc8+ Rf8
34. Qe6+ Kh8 35. Qxd6 Qa1+ 36. Kh2 Qf1 37. Re7 b5 38. Qe5 1-0

[Event "FIDE World Cup"]
[Site "Tbilisi"]
[Date "2017.09.05"]
[Round "1.5"]
[White "Nguyen, Ngoc Truong Son"]
[Black "Adhiban, Baskaran"]
[Result "0-1"]
[WhiteElo "2629"]
[BlackElo "2677"]
[PlyCount "60"]
[EventDate "2017.09.03"]
[EventType "k.o."]
[EventRounds "7"]
[EventCountry "GEO"]
[SourceTitle "CBM 181"]
[Source "ChessBase"]
[SourceDate "2017.11.10"]
[SourceVersion "1"]
[SourceVersionDate "2017.11.10"]
[SourceQuality "1"]

1. Nf3 Nf6 2. c4 d6 3. d4 g6 4. g3 Bg7 5. Bg2 O-O 6. O-O Nbd7 7. Nc3 e5 8. e4
c6 9. b3 a6 10. dxe5 dxe5 11. Ba3 Re8 12. c5 Bf8 13. Qd2 Bxc5 14. Bxc5 Nxc5 15.
Qxd8 Rxd8 16. Nxe5 Ng4 17. Nxg4 Bxg4 18. f3 Be6 19. Rfd1 a5 20. Bf1 b5 21. Rac1
b4 22. Rxd8+ Rxd8 23. Ne2 Nd3 24. Rxc6 Ne5 25. Rc5 Nxf3+ 26. Kf2 Nxh2 27. Rxa5
Rd1 28. Bg2 Ng4+ 29. Kf3 Rd3+ 30. Kf4 f6 0-1

[Event "FIDE World Cup"]
[Site "Tbilisi"]
[Date "2017.09.05"]
[Round "1.6"]
[White "Adhiban, Baskaran"]
[Black "Nguyen, Ngoc Truong Son"]
[Result "1/2-1/2"]
[WhiteElo "2677"]
[BlackElo "2629"]
[PlyCount "102"]
[EventDate "2017.09.03"]
[EventType "k.o."]
[EventRounds "7"]
[EventCountry "GEO"]
[SourceTitle "CBM 181"]
[Source "ChessBase"]
[SourceDate "2017.11.10"]
[SourceVersion "1"]
[SourceVersionDate "2017.11.10"]
[SourceQuality "1"]

1. e4 g6 2. d4 Bg7 3. Nc3 d6 4. f4 a6 5. Nf3 b5 6. Bd3 Nd7 7. a4 b4 8. Ne2 c5
9. c3 bxc3 10. bxc3 cxd4 11. cxd4 Ngf6 12. e5 Nd5 13. O-O Nb4 14. Bb1 O-O 15.
a5 Bb7 16. Bd2 Rb8 17. Qe1 Nd5 18. Ng3 Nc7 19. Ne4 Bc6 20. Qh4 Ne6 21. f5 Bxe4
22. Bxe4 Nxd4 23. Nxd4 Nxe5 24. Bg5 Qd7 25. Bxe7 Qa7 26. Rad1 Rb4 27. f6 Rxd4
28. Qf2 Bh6 29. Bxf8 Ng4 30. Qxd4 Be3+ 31. Kh1 Bxd4 32. Bxd6 Bxf6 33. Bg3 Kg7
34. Bd5 h5 35. h3 h4 36. hxg4 hxg3 37. g5 Qe3 38. Rxf6 Qxg5 39. Rxf7+ Kh6 40.
Bf3 Qxa5 41. Rf4 Qe5 42. Rh4+ Kg7 43. Re4 Qg5 44. Rd7+ Kh6 45. Rd1 a5 46. Ra1
Kg7 47. Rea4 Qh6+ 48. Kg1 Qe3+ 49. Kh1 Qh6+ 50. Kg1 Qe3+ 51. Kh1 Qh6+ 1/2-1/2

[Event "FIDE World Cup"]
[Site "Tbilisi"]
[Date "2017.09.05"]
[Round "1.6"]
[White "Amin, Bassem"]
[Black "Erdos, Viktor"]
[Result "1/2-1/2"]
[WhiteElo "2680"]
[BlackElo "2628"]
[PlyCount "120"]
[EventDate "2017.09.03"]
[EventType "k.o."]
[EventRounds "7"]
[EventCountry "GEO"]
[SourceTitle "CBM 181"]
[Source "ChessBase"]
[SourceDate "2017.11.10"]
[SourceVersion "1"]
[SourceVersionDate "2017.11.10"]
[SourceQuality "1"]

1. e4 c5 2. Nf3 Nc6 3. d3 g6 4. g3 Bg7 5. Bg2 Nf6 6. O-O O-O 7. c3 d5 8. e5 Nd7
9. d4 cxd4 10. cxd4 Nb6 11. h3 f6 12. exf6 exf6 13. Nc3 Be6 14. Re1 Qd7 15. h4
Bh3 16. Bh1 Bg4 17. Be3 Qf5 18. Qb1 Rad8 19. Qxf5 Bxf5 20. a3 Be4 21. Rad1 Rfe8
22. Bf4 Kf7 23. Nb5 Bf8 24. Bc7 Rd7 25. Bxb6 axb6 26. Nd2 f5 27. Nf3 h6 28.
Ne5+ Nxe5 29. dxe5 Rxe5 30. f3 Bc2 31. Rxe5 Bxd1 32. f4 d4 33. Bd5+ Kg7 34. b4
d3 35. Kf2 Ba4 36. Nc3 d2 37. Ke2 d1=Q+ 38. Nxd1 Bxd1+ 39. Kxd1 Bd6 40. Be6
Bxe5+ 41. Bxd7 Bb2 42. a4 Bc3 43. b5 Kf6 44. Ke2 h5 45. Bc8 Bb4 46. Bxb7 Bc3
47. Bc6 Bb4 48. Be8 Ba5 49. Kd3 Be1 50. Ke3 Ba5 51. Kd4 Be1 52. Kd5 Bd2 53. Kc6
Ba5 54. Kc7 Kg7 55. Kd6 Kf6 56. Bc6 Be1 57. Kc7 Ba5 58. Bd5 Ke7 59. Bc4 Kf6 60.
Kc6 Ke7 1/2-1/2

[Event "FIDE World Cup"]
[Site "Tbilisi"]
[Date "2017.09.05"]
[Round "1.6"]
[White "Areshchenko, Alexander"]
[Black "Demchenko, Anton"]
[Result "0-1"]
[WhiteElo "2652"]
[BlackElo "2645"]
[PlyCount "108"]
[EventDate "2017.09.03"]
[EventType "k.o."]
[EventRounds "7"]
[EventCountry "GEO"]
[SourceTitle "CBM 181"]
[Source "ChessBase"]
[SourceDate "2017.11.10"]
[SourceVersion "1"]
[SourceVersionDate "2017.11.10"]
[SourceQuality "1"]

1. e4 c5 2. Nf3 d6 3. d4 cxd4 4. Nxd4 Nf6 5. Nc3 Nc6 6. Bg5 e6 7. Qd2 a6 8.
O-O-O Bd7 9. f3 Nxd4 10. Qxd4 Be7 11. h4 Qc7 12. Kb1 b5 13. Qd2 b4 14. Ne2 a5
15. g4 h5 16. gxh5 Nxh5 17. Nd4 Rb8 18. Bh3 g6 19. Rhg1 e5 20. Bxd7+ Qxd7 21.
Bxe7 Kxe7 22. Ne2 Qe6 23. Qe3 Rb7 24. Rd5 Ra8 25. Rgd1 Ra6 26. f4 Nf6 27. R5d3
Rc7 28. fxe5 dxe5 29. Qg5 Qc4 30. Nc3 Kf8 31. Qh6+ Ke7 32. Rd8 Ke6 33. Qf8 Qc5
34. Qxc5 Rxc5 35. Nd5 Nxd5 36. exd5+ Ke7 37. Rb8 Rd6 38. Rb7+ Rd7 39. d6+ Ke6
40. Rb8 Rxd6 41. Rf1 f5 42. Rg1 Kd5 43. Rg8 Rcc6 44. Kc1 e4 45. Ra8 Ra6 46. Re8
Re6 47. Rd1+ Ke5 48. Rb8 e3 49. c4 bxc3 50. bxc3 Rad6 51. Re1 f4 52. Kc2 Ke4
53. c4 f3 54. Rb3 e2 0-1

[Event "FIDE World Cup"]
[Site "Tbilisi"]
[Date "2017.09.05"]
[Round "1.6"]
[White "Lenic, Luka"]
[Black "Fressinet, Laurent"]
[Result "1-0"]
[WhiteElo "2646"]
[BlackElo "2650"]
[PlyCount "97"]
[EventDate "2017.09.03"]
[EventType "k.o."]
[EventRounds "7"]
[EventCountry "GEO"]
[SourceTitle "CBM 181"]
[Source "ChessBase"]
[SourceDate "2017.11.10"]
[SourceVersion "1"]
[SourceVersionDate "2017.11.10"]
[SourceQuality "1"]

1. d4 d6 2. Nf3 Nf6 3. c4 g6 4. Nc3 Bf5 5. d5 Bg7 6. Nd4 Bd7 7. e4 c5 8. Nf3
O-O 9. Be2 e6 10. O-O exd5 11. exd5 Re8 12. Bf4 Qb6 13. Qd2 Bf5 14. Rae1 Na6
15. h3 Nb4 16. Nh4 Bd7 17. a3 Na6 18. Bd3 Nc7 19. Nf3 a6 20. Rb1 a5 21. a4 Na6
22. Rbe1 Nb4 23. Bb1 Bf8 24. Ng5 Qd8 25. Nge4 Bf5 26. Nxf6+ Qxf6 27. Bg5 Qd4
28. Bxf5 gxf5 29. b3 Qg7 30. Bf4 Qg6 31. Nb5 Re4 32. f3 Ree8 33. Kh2 h5 34. Nc7
Rxe1 35. Rxe1 Rc8 36. Nb5 Kh7 37. Kh1 Rd8 38. Re3 Bg7 39. Re7 Bf8 40. Rxb7 Re8
41. Rd7 Qf6 42. Nxd6 Qa1+ 43. Kh2 Re1 44. Rxf7+ Kg8 45. Rxf8+ Kxf8 46. Bh6+ Ke7
47. Qg5+ Kxd6 48. Qd8+ Ke5 49. Bg7+ 1-0

[Event "FIDE World Cup"]
[Site "Tbilisi"]
[Date "2017.09.05"]
[Round "1.6"]
[White "Nepomniachtchi, Ian"]
[Black "Palac, Mladen"]
[Result "1-0"]
[WhiteElo "2751"]
[BlackElo "2525"]
[PlyCount "107"]
[EventDate "2017.09.03"]
[EventType "k.o."]
[EventRounds "7"]
[EventCountry "GEO"]
[SourceTitle "CBM 181"]
[Source "ChessBase"]
[SourceDate "2017.11.10"]
[SourceVersion "1"]
[SourceVersionDate "2017.11.10"]
[SourceQuality "1"]

1. c4 Nf6 2. Nc3 e5 3. Nf3 Nc6 4. g3 Bb4 5. Bg2 O-O 6. O-O d6 7. d3 Re8 8. Na4
d5 9. cxd5 Nxd5 10. Bg5 Qd7 11. Rc1 h6 12. Bd2 Bf8 13. Nc3 Nb6 14. a3 Qd8 15.
Ne4 a5 16. Be3 Nd4 17. Nc5 Bxc5 18. Rxc5 Qd6 19. Rc1 c6 20. Nd2 Bg4 21. Re1 a4
22. h3 Be6 23. Ne4 Qe7 24. Nc5 Bd5 25. Bxd5 cxd5 26. Bxd4 exd4 27. Qd2 Rec8 28.
Qb4 Rc6 29. Qxd4 Qc7 30. Rc3 Ra5 31. Rec1 Rb5 32. R1c2 h5 33. Nxa4 Nxa4 34.
Rxc6 bxc6 35. Qxa4 Qb7 36. Qd4 h4 37. gxh4 c5 38. Rxc5 Rxb2 39. Qxd5 Qxd5 40.
Rxd5 Rxe2 41. a4 Kf8 42. Kg2 Ke7 43. Kf3 Ra2 44. a5 Ke6 45. Rg5 Kf6 46. Rb5 Ke6
47. h5 Ra4 48. Ke3 Rh4 49. a6 Ra4 50. Rb6+ Kf5 51. Rb7 Kf6 52. a7 Ke6 53. d4
Ra1 54. d5+ 1-0

[Event "FIDE World Cup"]
[Site "Tbilisi"]
[Date "2017.09.05"]
[Round "1.6"]
[White "Salgado Lopez, Ivan"]
[Black "Jobava, Baadur"]
[Result "1-0"]
[WhiteElo "2627"]
[BlackElo "2687"]
[PlyCount "71"]
[EventDate "2017.09.03"]
[EventType "k.o."]
[EventRounds "7"]
[EventCountry "GEO"]
[SourceTitle "CBM 181"]
[Source "ChessBase"]
[SourceDate "2017.11.10"]
[SourceVersion "1"]
[SourceVersionDate "2017.11.10"]
[SourceQuality "1"]

1. e4 e6 2. d4 d5 3. Nc3 dxe4 4. Nxe4 Bd7 5. Nf3 Bc6 6. Bd3 Nd7 7. c3 h6 8. Bf4
Be7 9. Qe2 Ngf6 10. Nxf6+ Bxf6 11. O-O-O Bxf3 12. Qxf3 Bg5 13. Kb1 Bxf4 14.
Qxf4 c6 15. h4 Nf6 16. Qg3 Rg8 17. Rhe1 Qb8 18. f4 g5 19. hxg5 hxg5 20. Qh3
Qxf4 21. Rf1 Qg4 22. Qh2 O-O-O 23. Rde1 Rh8 24. Qe5 Nd7 25. Qa5 Qxg2 26. Qxa7
Rh2 27. Qa3 Nb6 28. Be4 Qd2 29. Rd1 Qe3 30. Bxc6 bxc6 31. Qa6+ Kc7 32. Qa7+ Kd6
33. Qxb6 Rd7 34. Qb8+ Rc7 35. Rxf7 Qe4+ 36. Ka1 1-0

[Event "FIDE World Cup"]
[Site "Tbilisi"]
[Date "2017.09.05"]
[Round "1.6"]
[White "Tari, Aryan"]
[Black "Howell, David"]
[Result "1-0"]
[WhiteElo "2591"]
[BlackElo "2702"]
[PlyCount "59"]
[EventDate "2017.09.03"]
[EventType "k.o."]
[EventRounds "7"]
[EventCountry "GEO"]
[SourceTitle "CBM 181"]
[Source "ChessBase"]
[SourceDate "2017.11.10"]
[SourceVersion "1"]
[SourceVersionDate "2017.11.10"]
[SourceQuality "1"]

1. d4 Nf6 2. c4 e6 3. Nf3 d5 4. Nc3 Be7 5. g3 O-O 6. Bg2 dxc4 7. Ne5 Qd6 8. O-O
c5 9. Bf4 Qa6 10. dxc5 Nbd7 11. b4 Rd8 12. Qc2 g5 13. Nxd7 gxf4 14. Ne5 Nd5 15.
Rad1 f6 16. Nxd5 exd5 17. Bxd5+ Rxd5 18. Rxd5 fxe5 19. Rxe5 Qf6 20. Qxc4+ Kg7
21. Qe4 Bf8 22. Rd1 Bg4 23. Qxb7+ Kg8 24. Rdd5 fxg3 25. hxg3 Rd8 26. Rg5+ Kh8
27. Rxg4 Re8 28. Rf4 Qe6 29. Qf7 Qxe2 30. Rd7 1-0

[Event "FIDE World Cup"]
[Site "Tbilisi"]
[Date "2017.09.05"]
[Round "1.7"]
[White "Salgado Lopez, Ivan"]
[Black "Jobava, Baadur"]
[Result "1/2-1/2"]
[WhiteElo "2627"]
[BlackElo "2687"]
[PlyCount "82"]
[EventDate "2017.09.03"]
[EventType "k.o."]
[EventRounds "7"]
[EventCountry "GEO"]
[SourceTitle "CBM 181"]
[Source "ChessBase"]
[SourceDate "2017.11.10"]
[SourceVersion "1"]
[SourceVersionDate "2017.11.10"]
[SourceQuality "1"]

1. e4 d6 2. d4 Nf6 3. Nc3 e5 4. dxe5 dxe5 5. Qxd8+ Kxd8 6. Bc4 Ke8 7. Nf3 Bd6
8. Be3 a6 9. a3 h6 10. h3 Ke7 11. O-O-O Be6 12. Nd2 Nbd7 13. Bxe6 Kxe6 14. Nc4
Rac8 15. f3 Bc5 16. Bxc5 Nxc5 17. Na5 Rb8 18. Rd2 Ke7 19. Rhd1 Ne6 20. Nc4 Rbd8
21. Nxe5 Rxd2 22. Rxd2 h5 23. h4 c6 24. Na4 Rg8 25. Nb6 g5 26. hxg5 Rxg5 27.
Nd3 h4 28. Nc4 Nh5 29. Ne3 Ng3 30. Kd1 Rh5 31. Ke1 h3 32. gxh3 Rxh3 33. Rg2 Nd4
34. Nf2 Nxf3+ 35. Kd1 Rh2 36. Rxh2 Nxh2 37. Nc4 Kd7 38. Kd2 Nf3+ 39. Ke3 Nh4
40. Ng4 f5 41. exf5 Ngxf5+ 1/2-1/2

[Event "FIDE World Cup"]
[Site "Tbilisi"]
[Date "2017.09.06"]
[Round "2.1"]
[White "Dreev, Alexey"]
[Black "Carlsen, Magnus"]
[Result "0-1"]
[WhiteElo "2648"]
[BlackElo "2827"]
[Annotator "Sagar Shah"]
[PlyCount "64"]
[EventDate "2017.09.03"]
[EventType "k.o."]
[EventRounds "7"]
[EventCountry "GEO"]
[SourceTitle "CBM 181"]
[Source "ChessBase"]
[SourceDate "2017.11.10"]
[SourceVersion "1"]
[SourceVersionDate "2017.11.10"]
[SourceQuality "1"]

1. d4 {[%emt 0:00:00]} d5 {[%emt 0:00:08]} 2. c4 {[%emt 0:00:00]} e6 {[%emt 0:
00:09]} 3. Nc3 {[%emt 0:00:57]} Bb4 $5 {[%emt 0:00:07] Dreev is a well known
expert in the Qc2 variation in the Nimzo Indian. With this move order Magnus
avoids that opening.} 4. Nf3 {[%emt 0:04:20]} (4. Qc2 dxc4 {is good for Black.}
) 4... Nf6 {[%emt 0:00:33]} 5. Bg5 {[%emt 0:01:45]} h6 {[%emt 0:00:14]} 6. Bxf6
{[%emt 0:00:32]} Qxf6 {[%emt 0:00:03]} 7. Qb3 {[%emt 0:00:54]} c5 {[%emt 0:00:
28]} 8. cxd5 {[%emt 0:00:31]} exd5 {[%emt 0:00:10]} 9. a3 {[%emt 0:00:31]}
Bxc3+ {[%emt 0:00:09]} 10. Qxc3 {[%emt 0:00:05]} c4 {[%emt 0:03:51] This is a
relatively new idea.} 11. b3 {[%emt 0:03:34]} Be6 {[%emt 0:00:47]} (11... b5
12. a4) 12. Ne5 $6 {[%emt 0:16:57] This move was condemned by Magnus.} (12. e3
O-O 13. Be2 Rc8 14. O-O Nc6 15. a4 cxb3 16. a5 Qd8 17. a6 b6 18. Qxb3 Qd6 19.
Rfb1 Rc7 20. h3 Rac8 21. Bd3 Kf8 22. Qb2 Qe7 23. Kf1 Na5 24. Ke2 Nc4 25. Qb4
Qxb4 26. Rxb4 Nd6 27. g4 g5 28. Nd2 Ke7 29. f3 f6 30. Nf1 Rc1 31. Rbb1 Rxb1 32.
Rxb1 Rc3 33. Ra1 Nc4 34. Nd2 Nb2 35. Bb5 Bd7 36. Bxd7 Kxd7 37. Ra2 Rc2 38. e4
b5 39. Ra3 Rxd2+ 40. Kxd2 Nc4+ 41. Kc3 Nxa3 {0-1 (41) Skrondal,I (2277)-Hammer,
J (2628) Sandefjord 2017}) (12. bxc4 dxc4 13. e4 {is the critical line, but
here it seems Black is holding his own.} O-O 14. Be2 Nc6 $13) 12... O-O {
[%emt 0:05:27]} 13. e3 {[%emt 0:11:59]} Nc6 {[%emt 0:16:21]} 14. Be2 {[%emt 0:
20:19]} (14. Nxc6 bxc6 15. bxc4 Qg6 $1 {This key move gives Black the
advantage.}) (14. bxc4 Nxe5 15. dxe5 Qg6 $1 $15) 14... Nxe5 {[%emt 0:02:59]}
15. dxe5 {[%emt 0:00:37]} Qg6 {[%emt 0:02:20]} 16. O-O {[%emt 0:03:25]} d4 $5 {
[%emt 0:04:40]} 17. exd4 {[%emt 0:00:21]} cxb3 {[%emt 0:00:03] The b3-pawn is
very strong.} 18. Bf3 {[%emt 0:08:07]} Rac8 {[%emt 0:03:21]} 19. Qe3 {[%emt 0:
01:39]} Qg5 $1 {[%emt 0:02:23] With this queen exchange the b3-pawn gains in
strength.} 20. Rab1 {[%emt 0:12:47]} (20. d5 Qxe3 21. fxe3 Bd7 {Black has a
good position, but this might have been the best way to play.}) 20... Qxe3 {
[%emt 0:01:20]} 21. fxe3 {[%emt 0:00:04]} Rfd8 {[%emt 0:05:50]} 22. Bxb7 {
[%emt 0:02:15]} Rc3 {[%emt 0:03:49]} 23. d5 {[%emt 0:00:49]} Bd7 {[%emt 0:01:
22]} 24. Rf4 {[%emt 0:03:25]} a5 {[%emt 0:02:59] Stopping Rb4.} 25. Kf2 $2 {
[%emt 0:03:07]} (25. d6 {and the game goes on.}) 25... Rb8 $1 {[%emt 0:01:58]}
26. Bc6 {[%emt 0:00:51]} Bxc6 {[%emt 0:00:19]} 27. dxc6 {[%emt 0:00:02]} Rxc6 {
[%emt 0:00:11]} 28. Rd4 {[%emt 0:00:38]} Rc2+ {[%emt 0:00:10]} 29. Kf3 {
[%emt 0:00:39]} b2 {[%emt 0:00:07]} 30. Rdd1 {[%emt 0:00:30]} Rb5 {[%emt 0:02:
46]} 31. a4 {[%emt 0:01:23]} Rxe5 {[%emt 0:00:32]} 32. Rd8+ {[%emt 0:00:58]}
Kh7 {[%emt 0:00:02] And Dreev, who is already a pawn down with a hopeless
position, resigned the game.} 0-1